[Event "IECC Trio 592 email"]
[Site "IECC email"]
[Date "1998.08.08"]
[Round "?"]
[White "Nowicki, Andrzej"]
[Black "Ravilious, Chris"]
[Result "1-0"]
[WhiteElo "1752"]
[BlackElo "1674"]
[PlyCount "63"]
[EventDate "1998.??.??"]
[EventType "tourn (corr)"]
[EventRounds "4"]
[SourceTitle "Corr 2008"]
[Source "ChessBase"]
[SourceDate "2008.06.24"]
[SourceVersion "1"]
[SourceVersionDate "2008.06.24"]
[SourceQuality "1"]

1. e4 c6 2. Nc3 d5 3. Nf3 Bg4 4. h3 Bxf3 5. Qxf3 Nf6 6. d3 e6 7. Be2 d4 8. Nb1 Nbd7 9. Qg3 e5 10. 0-0 Qc7 11. a4 0-0-0 12. Nd2 g6 13. Nc4 h5 14. Bg5 Re8 15. f4 h4 16. Qh2 Nh5 17. fxe5 Ng3 18. Bg4 Nxf1 19. Rxf1 Rh7 20. Qf4 b5 21. axb5 cxb5 22. Nd6+ Bxd6 23. exd6 Qc6 24. Bxh4 f5 25. Bf3 Ne5 26. exf5 Nxf3+ 27. Rxf3 gxf5 28. Qxf5+ Qd7 29. Qc5+ Kb7 30. Be7 Rc8 31. Qd5+ Kb8 32. Qf5 1-0

[Event "IECC Trio 592 email"]
[Site "IECC email"]
[Date "1998.08.08"]
[Round "?"]
[White "Ravilious, Chris"]
[Black "Ventimiglia, Charles"]
[Result "0-1"]
[WhiteElo "1687"]
[BlackElo "1758"]
[PlyCount "68"]
[EventDate "1998.??.??"]
[EventType "tourn (corr)"]
[EventRounds "4"]
[SourceTitle "Corr 2008"]
[Source "ChessBase"]
[SourceDate "2008.06.24"]
[SourceVersion "1"]
[SourceVersionDate "2008.06.24"]
[SourceQuality "1"]

1. c4 e5 2. Nc3 Nf6 3. Nf3 Nc6 4. g3 d5 5. cxd5 Nxd5 6. Bg2 Nxc3 7. bxc3 e4 8. Ng1 Bf5 9. Qa4 Qd5 10. d3 0-0-0 11. Bxe4 Bxe4 12. dxe4 Qe5 13. Bb2 Bc5 14. Nf3 Qe7 15. 0-0 f5 16. Nd4 Qxe4 17. Qb5 Bxd4 18. cxd4 Nxd4 19. Bxd4 Rxd4 20. Qc5 b6 21. Qc3 Rhd8 22. Rac1 c5 23. e3 R4d7 24. a3 g6 25. Ra1 Rd3 26. Qg7 R8d7 27. Qg8+ Kb7 28. a4 Rd2 29. a5 b5 30. a6+ Kc7 31. Qf8 Qc6 32. Rfc1 c4 33. Qb4 c3 34. e4 c2 0-1

[Event "IECC Trio 592 email"]
[Site "IECC email"]
[Date "1998.08.08"]
[Round "?"]
[White "Ventimiglia, Charles"]
[Black "Ravilious, Chris"]
[Result "1-0"]
[WhiteElo "1764"]
[BlackElo "1700"]
[PlyCount "53"]
[EventDate "1998.??.??"]
[EventType "tourn (corr)"]
[EventRounds "4"]
[SourceTitle "Corr 2008"]
[Source "ChessBase"]
[SourceDate "2008.06.24"]
[SourceVersion "1"]
[SourceVersionDate "2008.06.24"]
[SourceQuality "1"]

1. b4 e5 2. a3 d5 3. Bb2 Bd6 4. Nf3 f6 5. Nc3 Ne7 6. e4 c6 7. d4 Bg4 8. Be2 0-0 9. exd5 Bxf3 10. Bxf3 exd4 11. Qxd4 Be5 12. Qd3 Bxc3+ 13. Bxc3 Nxd5 14. 0-0-0 Qc7 15. Bxd5+ cxd5 16. Qxd5+ Kh8 17. Qd6 Na6 18. Qxc7 Nxc7 19. Rd7 Nb5 20. Bb2 Rfc8 21. Rhd1 Nc7 22. Re7 Ne8 23. Rxb7 h6 24. Re7 a5 25. b5 Rab8 26. a4 Rc4 27. Rd4 1-0